Uso justo en la era digital (Registro nro. 17758)

Detalles MARC
000 -LEADER
fixed length control field 00308 a2200109 4500
001 - CONTROL NUMBER
control field ART_50039
005 - DATE AND TIME OF LATEST TRANSACTION
control field 20260410161730.0
008 - FIXED-LENGTH DATA ELEMENTS--GENERAL INFORMATION
fixed length control field 260409a
100 1# - MAIN ENTRY--PERSONAL NAME
Personal name Correa, Carlos María
245 10 - TITLE STATEMENT
Title Uso justo en la era digital
773 0# - HOST ITEM ENTRY
Title Lecciones y ensayos
Related parts - Nº 79 (ene. 2004)
Record control number REV2658

No hay ítems disponibles.